000 00373nam a2200145Ia 4500
008 200103s9999||||xx |||||||||||||| ||und||
020 _a9781259004612
040 _aIMU-MPC
082 _aColumn-17
100 _aBalagurusamy, E.
245 0 _aProgramming in ANSI C
260 _bTata McGraw-Hill Publishing Company Ltd., New Delhi
_c2012
300 _ax, 558
942 _cBK
999 _c6134
_d6134